Eventual spaces / (Record no. 1217)
[ view plain ]
| 000 -LEADER | |
|---|---|
| campo de control de longitud fija | 00432nam a22001577a 4500 |
| 008 - DATOS DE LONGITUD FIJA--INFORMACIÓN GENERAL | |
| campo de control de longitud fija | 170705s2014 gt||||| |||| 00| 0 spa d |
| 082 04 - NÚMERO DE LA CLASIFICACIÓN DECIMAL DEWEY | |
| Número de clasificación | 740 |
| Número de ítem | S712c |
| 110 1# - ENTRADA PRINCIPAL--NOMBRE DE ENTIDAD CORPORATIVA | |
| Nombre de entidad corporativa o nombre de jurisdicción como elemento de entrada | S.o.P.a |
| 9 (RLIN) | 5751 |
| 245 10 - MENCIÓN DEL TÍTULO | |
| Título | Eventual spaces / |
| Mención de responsabilidad, etc. | S.o.P.a. |
| 250 ## - MENCION DE EDICION | |
| Mención de edición | 1a edición. |
| 260 ## - PUBLICACIÓN, DISTRIBUCIÓN, ETC. | |
| Lugar de publicación, distribución, etc. | Guatemala : |
| Nombre del editor, distribuidor, etc. | Ediciones Bizarras, |
| Fecha de publicación, distribución, etc. | [2014]. |
| 300 ## - DESCRIPCIÓN FÍSICA | |
| Extensión | 14 páginas : |
| Otras características físicas | ilustraciones. |
| 653 10 - TÉRMINO DE INDIZACIÓN--NO CONTROLADO | |
| Término no controlado | Artes gráficas |
| 653 10 - TÉRMINO DE INDIZACIÓN--NO CONTROLADO | |
| Término no controlado | Arte - Guatemala |
| 653 10 - TÉRMINO DE INDIZACIÓN--NO CONTROLADO | |
| Término no controlado | Dibujo |
| Estatus retirado | Estado de pérdida | Fuente del sistema de clasificación o colocación | Estado de daño | No para préstamo | Biblioteca de origen | Biblioteca actual | Ubicación en estantería | Fecha de adquisición | Total de préstamos | Signatura topográfica completa | Código de barras | Visto por última vez | Precio de reemplazo | Tipo de ítem Koha |
|---|---|---|---|---|---|---|---|---|---|---|---|---|---|---|
| Clasificación Decimal Dewey | Biblioteca LadoV | Biblioteca LadoV | 05/07/2017 | 740 S712c | 004277 | 05/07/2017 | 05/07/2017 | Material 01 |
